Name an Avenger A-Z - Statistics

General Stats
  • This quiz has been taken 125 times
  • The average score is 9 of 22
Answer Stats
Letter Answer % Correct
H Havok / Hawkeye / Hellcat / Hercules / Hulk / Hulkling / Human Torch / Hyperion
93%
I Invisible Woman / Iron Fist / Iron Man / Iron Patriot
93%
S Sabretooth / Sandman / Scarlet Witch / Sentry / Sersi / Shang-Chi / Sharon Carter / She Hulk / Silverclaw / Singularity / Sister Grimm / Smasher / Songbird / Spider-Man / Spider-Woman / Squirrel Girl / Star Brand / Starfox / Stature / Stingray / Storm / Sunfire / Sunspot / Swordsman / Synapse
89%
B Beast / Big Bertha / Black Knight / Black Panther / Black Widow / Blue Marvel / Brother Voodoo
87%
C Cable / Cannonball / Captain America / Captain Britain / Captain Marvel / Captain Universe / Conan the Barbarian / Crystal
85%
A Abyss / Alexis the Protector / Alloy / Amadeus Cho / Ant-Man / Ares
83%
T Thing / Thor / Thunderstrike / Tigra / Triathlon / Two-Gun Kid
79%
D Daredevil / Darkhawk / Dazzler / Deadpool / Demolition Man / Doctor Druid / Doctor Strange / Doombot / Doorman
66%
W War Machine / Wasp / Wheels Wolinski / White Tiger / Wiccan / Wolverine / Wonder Man
66%
V Validator / Valkyrie / Venom / Victor Mancha / Vision / Voyager
44%
F Falcon / Firebird / Firestar / Flatman / Forgotten One / Fuse
42%
Q Quake / Quasar / Quicksilver
32%
M Machine Man / Manifold / Mantis / Medusa / Miss America / Mister Fantastic / Mister Immortl / Mockingbird / Moon Knight / Moondragon / Ms. Marvel
22%
N Namor / Nightmask / Nightshade / Nova
10%
P Pod / Power Man / Power Woman / Protector / Punisher
10%
E Echo / Elektra / Ex Nihilo
9%
R Rage / Red Hulk / Red Wolf / Rogue / Ronin
9%
G Ghost Rider / Gwenpool
7%
J Jack of Hearts / Jocasta / Justice
3%
K Kaluu / Kid Omega
1%
L Living Lightning
1%
U U.S. Agent
1%
No matching quizzes found
Score Distribution
Percent of People with Each Score
Percentile by Number Answered
Your Score History
You have not taken this quiz